Normal view MARC view

Entry Personal Name

Number of records used in: 1

001 - CONTROL NUMBER

  • control field: 165196

003 - CONTROL NUMBER IDENTIFIER

  • control field: OSt

005 - DATE AND TIME OF LATEST TRANSACTION

  • control field: 20220923221224.0

008 - FIXED-LENGTH DATA ELEMENTS

  • fixed length control field: 220923|| aca||aabn | a|a d

040 ## - CATALOGING SOURCE

  • Original cataloging agency: OSt
  • Transcribing agency: OSt

100 ## - HEADING--PERSONAL NAME

  • Personal name: मिश्र, हृदय नारायण; अवस्थी, जमुना प्रसाद

670 ## - SOURCE DATA FOUND

  • Source citation: Work cat.: (OSt)347889: मिश्र, हृदय नारायण; अवस्थी, जमुना प्रसाद, नीतिशास्त्र की भूमिका, 1983
Copyright @ Delhi University Library System